10 itinéraires à Barcelone : Barcelone, c'est bien plus Barcelone, c'est bien plus
Descripción Física:
23 pàgines : il·lustracions ; 24 cm
Materias:
Barcelona (Catalunya : Província) -- Descripcions i viatges
; Barcelona (Catalunya : Província) -- Guies
Idioma:
French
MARC
| LEADER | 00000nam a2200000 a 4500 | ||
|---|---|---|---|
| 001 | 26357 | ||
| 008 | 220726b spa||||| |||| 00| 0 fre d | ||
| 017 | |a DL B 22389-2017 | ||
| 080 | |a FU-72-38 | ||
| 245 | |a 10 itinéraires à Barcelone : |b Barcelone, c'est bien plus | ||
| 246 | 3 | 2 | |a Dix itinéraires à Barcelone |
| 260 | |a Barcelona : |b Diputació de Barcelona, |c 2017 | ||
| 300 | |a 23 pàgines : |b il·lustracions ; |c 24 cm | ||
| 651 | 0 | |a Barcelona (Catalunya : Província) |x Descripcions i viatges |9 52924 | |
| 651 | 0 | |a Barcelona (Catalunya : Província) |9 52676 |v Guies | |
| 710 | 2 | |a Barcelone, c'est bien plus |e Marca turística |9 51684 | |
| 710 | 1 | |a Barcelona (Catalunya : Província). |b Diputació |9 52408 | |
| 901 | |a Arxiu | ||
| 942 | |n 1 |2 udc |c ARXIU | ||
| 952 | |0 0 |1 0 |4 0 |6 FU7238 |7 1 |9 63219 |a Arxiu |b Arxiu |d 2022-07-26 |l 0 |o FU-72-38 |p 26357 |r 2022-07-26 00:00:00 |w 2022-07-26 |y ARXIU | ||
| 999 | |c 82483 |d 82483 | ||